00777nam a2200205 a 4500001001000000003000900010005001700019008004100036020001800077040002500095082002100120100003000141245010700171260003500278300003600313500005700349610005200406650005600458651005700514000037690DO-SdBNP20210920150519.0121115s2012 dr c 000 0 spa d a9789993449829 aDO-SdBNPbspacBNPHU a324.27293bA448p1 aAlmeyda Rancier, Franklin13aEl PLD y las fuerzas sociales :btestimonio sobre su origen y desarrollo /cFranklin Almeynda Rancier. aSanto Domingo :bGente,c2012. a303 p. :bil., retrs. ;c24 cm. aIncluye datos biográficos del autor en las solapas14aPARTIDO DE LA LIBERACIÓN DOMINICANAxHISTORIA 4aPartidos políticoszRepública Dominicanay1961- 4aRepública DominicanaxPolítica Y Gobiernoy1961-